Score 0/300 Timer 20:00
3 Plays Today
Rank Name % Correct
2John
96%
1Michael
90.9%
4James
90.9%
7William
89.8%
3David
88.5%
5Robert
88.1%
17Paul
86.8%
9Thomas
86.4%
6Mark
85.9%
34George
85.6%
40Peter
85.5%
8Richard
84.9%
103Tom
84.8%
124Dan
84.4%
49Steve
84.2%
41Frank
83.2%
19Daniel
82.9%
84Jon
82.9%
98Jose
82.6%
113Bill
82.3%
50Matthew
82.2%
102Jack
82.1%
167Bob
81.9%
59Chris
81.7%
253Matt
81.4%
29Stephen
81.4%
16Charles
81.1%
14Steven
81%
13Joseph
80.7%
137Harry
80.7%
26Christopher
80.4%
58Joe
80.4%
42Andrew
80.4%
92Jim
80.3%
27Edward
78.9%
44Mike
78.1%
236Sam
77.9%
172Andre
77.8%
79Tim
77.4%
135Don
76.6%
94Henry
76.5%
134Fred
76.2%
249Ben
76%
20Brian
75.3%
87Samuel
75.1%
15Timothy
74.9%
111Rick
74.9%
11Kevin
74.8%
25Donald
74.7%
88Jonathan
74.3%
214Alex
73.8%
78Jimmy
73.6%
22Anthony
73.5%
144Benjamin
73.3%
54Carl
73.2%
185Ron
72.8%
74Billy
72.2%
81Greg
72%
221Charlie
71.7%
215Alexander
71.5%
75Bobby
71.1%
145Adam
71%
23Ronald
71%
178Ken
70.8%
48Jeff
70.4%
107Tommy
70.4%
161Dave
69.9%
21Gregory
69.5%
36Larry
68.9%
283Pat
68.6%
123Marc
68.4%
31Eric
68.3%
155Nicholas
68.3%
56Alan
68.1%
35Patrick
68%
95Harold
68%
55Danny
67.7%
200Andy
67.2%
71Johnny
66.6%
18Kenneth
66.3%
24Gary
66.2%
196Jason
65.5%
194Nathan
65.5%
70Phillip
65.1%
261Nick
65%
146Brad
64.6%
38Jerry
64.6%
150Sean
64.5%
237Leo
64.4%
62Martin
64.2%
10Jeffrey
64.1%
90Allen
63.8%
109Eddie
63.8%
116Frederick
63.8%
97Victor
63.8%
100Albert
63.7%
52Tony
63.5%
73Bryan
63.2%
160Aaron
63.2%
153Francis
63.1%
Rank Name % Correct
68Lawrence
62.5%
212Marcus
62.2%
61Vincent
61.8%
201Leon
61.6%
83Philip
61.3%
104Louis
60.9%
12Scott
60.6%
82Bradley
60.2%
77Walter
59.9%
118Leonard
59.9%
60Gerald
59.6%
131Ray
59.3%
91Arthur
59.3%
47Ricky
58.1%
33Keith
58%
207Joey
57.4%
179Kyle
57.3%
108Shawn
57.3%
142Theodore
56.9%
45Raymond
56.9%
32Terry
55.3%
39Dennis
55.2%
93Willie
53.2%
299Christian
53.2%
43Bruce
52.9%
220Allan
52.6%
67Barry
52.4%
233Nathaniel
52.1%
188Ted
52%
208Timmy
51.9%
174Doug
51.6%
63Wayne
51.5%
53Roger
51.3%
203Kenny
51.1%
147Juan
50.7%
255Jamie
50.6%
28Douglas
50.6%
300Erik
50.4%
217Lewis
50.4%
195Franklin
50.3%
114Howard
50%
37Randy
50%
156Carlos
50%
105Stanley
49.5%
51Craig
49.3%
162Alfred
49.1%
101Ronnie
48.9%
177Derek
48.3%
222Donnie
48.2%
119Lee
47.8%
235Oscar
47.7%
259Robbie
47.7%
127Mitchell
47.3%
86Dean
46.9%
136Karl
46.8%
148Edwin
46.2%
120Marvin
45.9%
247Chuck
45.4%
89Roy
45.4%
241Jesus
45.4%
267Geoffrey
45.3%
46Jeffery
45.1%
292Sammy
45%
85Jay
44.7%
149Jesse
44.3%
139Norman
44%
141Calvin
43.5%
143Glen
43.4%
158Darren
43%
277Grant
43%
205Neil
43%
57Russell
42.8%
99Ralph
42.6%
152Warren
42.5%
250Randal
42.5%
252Freddie
42.3%
129Brett
42.3%
223Arnold
41.8%
173Antonio
41.1%
110Joel
40.8%
198Alvin
40.7%
65Glenn
40.3%
72Curtis
40.2%
125Brent
40.2%
133Melvin
39.7%
263Shane
39.6%
30Todd
39.5%
164Derrick
39.3%
112Eugene
39.2%
117Kurt
38.9%
122Ernest
38.9%
66Randall
38.6%
191Gene
38.2%
197Herbert
38%
239Johnnie
37.6%
165Bernard
37.5%
187Stuart
37.4%
272Hugh
37.3%
157Wesley
37.2%
154Earl
36.9%
Rank Name % Correct
226Lester
36.8%
115Dwayne
36.4%
238Terrence
36.2%
106Micheal
36%
186Marty
35.8%
159Gordon
35.7%
69Dale
35.3%
257Travis
35.2%
64Troy
34.7%
232Roberto
33.9%
285Chester
33.9%
287Frankie
33.8%
224Ross
33.7%
166Lance
33.6%
260Miguel
33.5%
80Darryl
33.5%
76Rodney
33.4%
151Clifford
33.3%
254Jessie
33.2%
258Harvey
33.1%
286Clark
33%
204Dwight
32.8%
193Lloyd
32.8%
256Garry
32.4%
202Luis
32.3%
225Jimmie
32.2%
213Mario
32%
182Manuel
31.9%
192Leslie
31.4%
163Clarence
31.2%
211Ricardo
31.2%
199Maurice
31%
96Darrell
30.7%
216Floyd
30.6%
128Jerome
30.5%
209Robin
30.5%
268Fredrick
30.3%
132Reginald
30.2%
171Perry
30%
269Terrance
30%
231Jackie
29.6%
184Daryl
29.5%
265Herman
29.2%
240Clyde
29%
227Neal
28.8%
126Kelly
28.7%
242Milton
28.7%
176Leroy
28.4%
140Kent
28.3%
138Kirk
28%
275Marshall
27.6%
130Duane
27.2%
234Clayton
27.1%
244Clinton
27%
297Lyle
26.2%
190Vernon
26%
246Nelson
25.9%
282Claude
25.4%
230Roland
25.2%
206Wade
24.9%
270Terence
24.5%
170Kerry
24.5%
280Carlton
24.1%
219Byron
23.9%
169Guy
23.8%
298Sidney
23.5%
210Kelvin
23.3%
279Cary
23.3%
180Gilbert
23.2%
276Angelo
23.1%
121Tracy
22.9%
264Kim
22.7%
251Randolph
22.6%
293Everett
21.9%
189Lonnie
21.7%
278Francisco
21.7%
248Hector
21.4%
291Rudy
21.1%
271Ramon
20.6%
266Cecil
20.6%
281Damon
20%
183Tyrone
19.4%
245Rex
19.4%
228Wendell
19.3%
288Lynn
18.6%
168Shannon
18.5%
295Loren
18.3%
218Ruben
18.3%
294Cedric
18%
229Stacy
17.7%
262Raul
17.5%
290Darin
17.4%
243Roderick
17.1%
273Clifton
17%
181Dana
16.9%
284Jody
16.3%
175Rickey
16.1%
274Kendall
15.2%
296Orlando
14.7%
289Rene
12.9%
Remove Ads.
Support Sporcle.
Get the best of Sporcle when you Go Orange. This ad-free experience offers more features, more stats, and more fun while also helping to support Sporcle. Thank you for becoming a member.

You're not logged in!

Compare scores with friends on all Sporcle quizzes.
OR
Log In

Show Comments

Extras

Top Quizzes Today


Score Distribution

Your Account Isn't Verified!

In order to create a playlist on Sporcle, you need to verify the email address you used during registration. Go to your Sporcle Settings to finish the process.

Report this User

Report this user for behavior that violates our Community Guidelines.

Details: